[Event "Colorado Springs Pikes Peak op"]
[Site "Colorado Springs"]
[Date "2017.10.15"]
[Round "3"]
[White "Andersen, Gunnar James"]
[Black "Baxter, Paul"]
[Result "1-0"]
[WhiteElo "2291"]
[BlackElo "1992"]
[PlyCount "57"]
[EventDate "2017.10.15"]
[EventType "swiss"]
[EventRounds "5"]
[EventCountry "USA"]
[SourceTitle "EXT 2019"]
[Source "ChessBase"]
[SourceDate "2018.10.10"]
[SourceVersion "1"]
[SourceVersionDate "2018.10.10"]
[SourceQuality "1"]

1. e4 e5 2. Nf3 Nc6 3. Bb5 a6 4. Ba4 Nf6 5. 0-0 Be7 6. Re1 b5 7. Bb3 d6 8. c3 0-0 9. d4 Bg4 10. Be3 exd4 11. cxd4 Na5 12. Bc2 Nc4 13. Bc1 c5 14. b3 Nb6 15. dxc5 dxc5 16. Nbd2 Qc7 17. Qe2 Rfe8 18. e5 Nfd5 19. Bxh7+ Kxh7 20. Qe4+ Kg8 21. Qxg4 Qd7 22. Qg3 Nc3 23. Bb2 Qd3 24. Bxc3 Qxc3 25. Ne4 Qb4 26. Nf6+ Bxf6 27. exf6 Rxe1+ 28. Rxe1 g6 29. Qc7 1-0

[Event "Colorado Springs Pikes Peak op"]
[Site "Colorado Springs"]
[Date "2017.10.15"]
[Round "5"]
[White "McConnell, Sullivan Mac"]
[Black "Baxter, Paul"]
[Result "1/2-1/2"]
[WhiteElo "1922"]
[BlackElo "1992"]
[PlyCount "81"]
[EventDate "2017.10.15"]
[EventType "swiss"]
[EventRounds "5"]
[EventCountry "USA"]
[SourceTitle "EXT 2019"]
[Source "ChessBase"]
[SourceDate "2018.10.10"]
[SourceVersion "1"]
[SourceVersionDate "2018.10.10"]
[SourceQuality "1"]

1. e4 c5 2. Nc3 g6 3. f4 Bg7 4. Nf3 Nc6 5. Bb5 e6 6. Bxc6 bxc6 7. e5 Ne7 8. Ne4 0-0 9. Nxc5 Nd5 10. d4 d6 11. Nd3 f6 12. Qe2 fxe5 13. fxe5 Ba6 14. Bg5 Qd7 15. 0-0 h6 16. Bd2 Nf4 17. Qe4 d5 18. Qe3 Nxd3 19. cxd3 Qe7 20. a3 Rab8 21. b4 Rf7 22. Rfc1 Bb7 23. Rc5 g5 24. h3 Rf5 25. b5 cxb5 26. Rxb5 Rc8 27. Bb4 Qd7 28. Rc5 Bf8 29. Rxc8 Bxc8 30. Bxf8 Rxf8 31. h4 g4 32. Nh2 Qg7 33. Qg3 h5 34. Qe3 Ba6 35. Rf1 Rxf1+ 36. Nxf1 Qg6 37. Ng3 Kh7 38. Qf4 Bxd3 39. Qf8 a6 40. Qe7+ Kh6 41. Qf8+ 1/2-1/2